Universal design in education : teaching nontraditional students
Αποθηκεύτηκε σε:
| Κύριος συγγραφέας: | |
|---|---|
| Μορφή: | Βιβλίο |
| Γλώσσα: | English |
| Δημοσίευση: |
Westport, Conn. :
Bergin & Garvey,
2000
|
| Θέματα: | |
| Ετικέτες: |
Προσθήκη ετικέτας
Δεν υπάρχουν, Καταχωρήστε ετικέτα πρώτοι!
|
MARC
| LEADER | 00000nam a2200000 i 4500 | ||
|---|---|---|---|
| 001 | 1/53562 | ||
| 008 | 070903s2000 eng d | ||
| 020 | |a 0-89789-688-2 | ||
| 035 | |l 10090319 | ||
| 040 | |a GR-MY-UA |b gre |e aacr | ||
| 041 | 0 | |a eng | |
| 082 | 0 | |a 371.9045 |2 (22) | |
| 100 | 1 | |a Bowe, Frank. | |
| 245 | 1 | 0 | |a Universal design in education : |b teaching nontraditional students / |c Frank G. Bowe |
| 260 | |a Westport, Conn. : |b Bergin & Garvey, |c 2000 | ||
| 300 | |a x, 133 σ.; |c 25 εκ. | ||
| 504 | |a Βιβλιογραφία: σ. 125-129 | ||
| 504 | |a Ευρετήριο: σ. 131-133 | ||
| 650 | 0 | 0 | |a Instructional systems |x Design. |
| 650 | 0 | 0 | |a Educational technology. |
| 650 | 0 | 0 | |a People with disabilities |x Education. |
| 650 | 0 | 0 | |a Minorities |x Education. |
| 852 | |a INST |b LESVOS |e 20070903 |h 371.9045 BOW |p 005100041109 |q 005100041109 |t BK |y 0 | ||
| 901 | |a BIBL1-2007-3 | ||
| 909 | |a Λ |b 138962 | ||
| 922 | |a 1ΕΛΗ |b 200708 |c ΕΠΕΑΕΚ2/ΠΤΕ |d ΕΛΕΥΘΕΡΟΥΔΑΚΗΣ | ||
| 970 | |a ΚΑΡΑ |b ΓΙΑΣΕΜΗ |z 2007/09/03 | ||